Guess the Musical lyrics 4 Quiz Stats

Quiz not verified by Sporcle

Also try: Broadway's Lists
Challenge
Share
Tweet
Embed
Score 0/178 Timer 10:00
0 Plays Today
% Correct
The
97.9%
The
97.9%
The
97.9%
And
97.9%
the
97.9%
the
97.9%
the
97.9%
the
97.9%
and
97.9%
the
97.9%
the
97.9%
the
97.9%
the
97.9%
and
97.9%
I
97.7%
I
97.7%
I
97.7%
I
97.7%
I
97.7%
I
97.7%
I
97.7%
I
97.7%
I
97.7%
I
97.7%
I
97.7%
I
97.7%
I
97.7%
you.
89.4%
you.
89.4%
you
89.4%
you.
89.4%
you.
89.4%
you
89.4%
you.
89.4%
you.
89.4%
You
89.4%
you
89.4%
you
89.4%
you
89.4%
you
89.4%
you.
89.4%
you.
89.4%
You
89.4%
you
89.4%
you
89.4%
to
76.3%
to
76.3%
to
76.3%
me,
74.9%
me,
74.9%
in
73.4%
in
73.4%
of
70.5%
of
70.5%
of
70.5%
of
70.5%
do
67.4%
so,
59.7%
so,
59.7%
my
58.1%
% Correct
my
58.1%
my
58.1%
my
58.1%
my
58.1%
they
55.8%
am
52.3%
am
52.3%
not
50.4%
not
50.4%
not
50.4%
not
50.4%
I'm
48.1%
I'm
48.1%
I'm
48.1%
know?
47.9%
like
45.6%
like
45.6%
like
45.6%
were
44.4%
were
44.4%
it's
43.6%
It's
43.6%
it's
43.6%
want
42.9%
want
42.9%
just
39.4%
just
39.4%
All
39.2%
or
39.2%
Or
39.2%
All
39.2%
or
39.2%
Or
39.2%
think
37.1%
think
37.1%
think
37.1%
think
37.1%
think
37.1%
think
37.1%
think
37.1%
think
37.1%
up,
34%
about
32.8%
about
32.8%
about
32.8%
about
32.8%
about
32.8%
about
32.8%
about
32.8%
about
32.8%
every
28.6%
loved
28.6%
every
28.6%
loved
28.6%
said
28.2%
said
28.2%
sun
26.6%
thought
24.1%
thought
24.1%
going
23.2%
% Correct
going
23.2%
going
23.2%
going
23.2%
mind.
21.6%
mind.
21.6%
mind?
21.6%
mind.
21.6%
mind?
21.6%
comes
21%
being
20.7%
being
20.7%
middle
20.5%
middle
20.5%
right.
18.7%
right.
18.7%
losing
18.5%
losing
18.5%
losing
18.5%
losing
18.5%
losing
18.5%
kind?
16.8%
kind?
16.8%
morning
15.4%
talk
13.7%
stand
13.3%
stand
13.3%
little
12.5%
little
12.5%
doing
12.4%
left,
12.4%
nights,
12.4%
doing
12.4%
left,
12.4%
nights
12.4%
ends,
12%
friends,
11%
coffee
10.4%
lights,
10.4%
lights,
10.4%
afternoon,
10.2%
bright.
10.2%
afternoon,
10.2%
bright.
10.2%
floor,
10%
floor,
10%
cup,
9.7%
Sometimes
9.7%
Sometimes
9.7%
dim
9.1%
dim
9.1%
stays
8.7%
stays
8.7%
sleepless
8.3%
sleepless
8.3%
Spend
8.1%
Spend
8.1%
chore,
7.3%
chore,
7.3%

You're not logged in!

Compare scores with friends on all Sporcle quizzes.
Join for Free
OR
Log In

You Might Also Like...

Show Comments

Extras

Created Oct 14, 2010ReportNominate
Tags:Musical Quiz, Song Quiz

Top Quizzes Today


Score Distribution

Your Account Isn't Verified!

In order to create a playlist on Sporcle, you need to verify the email address you used during registration. Go to your Sporcle Settings to finish the process.

Report this User

Report this user for behavior that violates our Community Guidelines.

Details: